Responses for Show #4297 - Tuesday, April 15, 2003

Brian Weikle game 4.

Contestants

[<< previous game]

Matt Anderson, a golf professional from Scranton, Pennsylvania

Andy Lukich, an actor originally from Akron, Ohio

Brian Weikle, a project manager from Minneapolis, Minnesota (whose 3-day cash winnings total $104,800)

[next game >>]

Jeopardy! Round responses

AMERICAN GOVERNMENT
RECENT FILMS
TAKES 2 TO TONGA
MARKS
DON'T THINK TOO HARD
2-LETTER ABBREV.
(Alex: We want the abbreviation in this category.)
    $200 21
juvenile court

Andy
    $200 2
Snow Dogs

Matt
    $200 26
Australia

Andy
    $200 11
fast forward

Matt
    $200 16
(Matt: Who is Matthew?)

Jesus (Christ)

BrianMatt
    $200 1
PS

Matt
    $400 22
assemble

Brian
    $400 3
Britney Spears

Matt
    $400 27
the Mormons

Brian
    $400 12
a colon & two slashes

Brian
    $400 17
Eiffel

Andy
    $400 7
B.A.

Andy
    $600 23
the CIA

Brian
    $600 4
Adam Sandler

Andy
    $600 28
the Bounty

Matt
    $600 13
Zorro

Andy
    $600 18
Costello

Andy
    $600 8
VW

Matt
    $800 24
(Alex: You're right, with a minute to go.)

the Justice Department

Brian
    $800 5
I Spy

Matt
    $800 29
a monarchy

Matt
    $800 14
an eye

Brian
    $800 19
[Alex reads the clue in a heavy German accent]
...
(Matt: Who is Einstein?)

Kurt Vonnegut

BrianMatt
    $800 9
XL (extra large)

Brian
    $1000 25
Tom Ridge

Brian
    $1000 6
Blue Crush

Matt
    $2,800 30
[After much uncertain hemming and grimacing, Matt blurts out his response.]
(Alex: Yes!)
...
(Alex: When in doubt, pick a name that sounds familiar in the Pacific.)

Cook

Matt
    $1000 15
(Matt: What is ditto?)
(Andy: What is a quotation?)
...
(Alex: We know they are ditto marks, but we wanted you to come up with [*]. We want you to say the word [*] again, and that's why we had to rule against you.)

again

AndyMatt
Triple Stumper
    $1000 20
pi meson

Brian
    $1000 10
AD

Brian

Scores at the first commercial break (after clue 15):

Brian Andy Matt
$3,000 $600 $2,400

Scores at the end of the Jeopardy! Round:

Brian Andy Matt
$8,200 $2,000 $5,600

Double Jeopardy! Round responses

POETS & POETRY
PRO BASKETBALL
STATES' SOUTHWEST CORNERS
BEVERAGE BRANDS
DON'T BE AFRAID OF OPERA
THE "C" AROUND US
    $400 14
Leaves of Grass

Brian
    $400 1
the Knicks

Matt
    $400 6
Missouri

Andy
    $400 26
Gatorade

Matt
    $400 19
rats

Matt
    $400 11
corns

Brian
    $3,000 17
(Andy: Who is St. Vincent Millay?)
...
(Alex: Who is [*], "Sonnets from the Portuguese.")

Elizabeth Barrett Browning

Andy
    $800 2
"Magic" Johnson

Matt
    $800 7
(Andy: What is Oregon?)

Washington

BrianAndy
    $800 27
Snapple

Matt
    $800 20
The Merchant of Venice

Matt
    $800 12
Cantonese

Brian
    $1200 18
The Rubaiyat

Brian
    $1200 3
the 3-point line

Matt
    $1200 8
(Matt: What is the Ohio River?)
(Andy: What is the Tennessee River?)

the Mississippi River

BrianAndyMatt
    $1200 28
Sprite

Brian
    $1200 21
Delilah

Andy
    $1200 13
Cherokee

Matt
    $1600 24
(Alex: Good, with a minute to go.)

The Spoon River Anthology

Brian
    $1600 4
Allen Iverson

Matt
    $1600 9
Colorado

Brian
    $1600 29
Red Bull

Andy
    $4,000 22
(Antonio) Salieri

Andy
    $1600 15
the Cosa Nostra

Andy
    $2000 25
John Donne

Brian
    $2000 5
Tracy McGrady

Andy
    $2000 10
Cincinnati

Brian
    $2000 30
Jolt

Brian
    $2000 23
Billy Budd

Matt
    $2000 16
The Cherry Orchard

Andy

Scores at the end of the Double Jeopardy! Round:

Brian Andy Matt
$23,400 $9,800 $14,000

[wagering suggestions for these scores]

Final Jeopardy! Round responses

WORLD LEADERS
(Alex: Remember, the British had been pushed out of Europe, out of France. [*] had left the country, and he made his first broadcast, urging the French to "hang in there.")
AndyWho is FDR
$9,799
MattWho is Stalin
$7,654
BrianWho George VI
$5,000
Charles de Gaulle

Final scores:

Brian Andy Matt
$18,400 $1 $6,346
4-day champion: $123,200 3rd place: $1,000 2nd place: $2,000

Game dynamics:

Coryat scores:

Brian Andy Matt
$23,400 $10,400 $12,200
24 R,
0 W
14 R
(including 1 DD),
4 W
(including 1 DD)
20 R
(including 1 DD),
4 W

Combined Coryat: $46,000

[game clues] [game scores] [suggest correction]

Game tape date: 2003-01-28
The J! Archive is created by fans, for fans. Scraping, republication, monetization, and malicious use prohibited; this site may use cookies and collect identifying information. See terms. The Jeopardy! game show and all elements thereof, including but not limited to copyright and trademark thereto, are the property of Jeopardy Productions, Inc. and are protected under law. This website is not affiliated with, sponsored by, or operated by Jeopardy Productions, Inc. Join the discussion at JBoard.tv.